000 00423nam a2200169Ia 4500
003 GCL
008 140319s9999 xx 000 0 eng d
040 _aGCL /
_cGCL
082 0 4 _aCH
_b372.4145
_bP A
100 1 _aPATIENCE, JOHN
245 1 0 _aAN AMAZING ALPHABET /
_cPATIENCE, JOHN
260 _a[S.N] :
_bPETER HODDOCK PUBLISHING
650 0 4 _aALPHABET
650 0 4 _aCHILDREN
650 0 4 _aEDUCATION
942 _2ddc
_cBK
999 _c15064
_d15064